000 00467 a2200169 4500
005 20260312120011.0
008 260312b |||||||| |||| 00| 0 eng d
020 _a9789360807009
040 _cSDCL
041 _2eng
_aeng
084 _aQ4.2'N R5
100 _aBurnouf, Eugene
_91131826
245 _aIntroduction to the History of Indian Buddhism
260 _aNew Delhi :
_bManohar Publishers and Distributors,
_c2025.
300 _a608p.
942 _cTEXL
_2CC
999 _c1564114
_d1564114